[Event "Team Championship Russia (Blitz, Women)"]
[Site "Sochi"]
[Date "2018.10.10"]
[Round "3.4"]
[White "Kovanova, Baira"]
[Black "Seregina, Maria"]
[Result "1-0"]
[BlackElo "1740"]
[WhiteElo "2205"]
[LiveChessVersion "1.4.8"]

1. Nf3 {[%clk 0:03:03]} g6 {[%clk 0:03:02]} 2. d4 {[%clk 0:03:03]} Nf6
{[%clk 0:03:03]} 3. c4 {[%clk 0:03:04]} Bg7 {[%clk 0:03:04]} 4. Nc3
{[%clk 0:03:04]} O-O {[%clk 0:03:01]} 5. Bf4 {[%clk 0:03:05]} d6 {[%clk 0:02:56]}
6. e3 {[%clk 0:03:05]} Nbd7 {[%clk 0:02:48]} 7. h3 {[%clk 0:03:05]} c5
{[%clk 0:02:45]} 8. Be2 {[%clk 0:03:04]} Nh5 {[%clk 0:02:25]} 9. Bh2
{[%clk 0:03:00]} f5 {[%clk 0:02:25]} 10. O-O {[%clk 0:02:57]} Qe8
{[%clk 0:02:16]} 11. Nd5 {[%clk 0:02:27]} Qd8 {[%clk 0:01:57]} 12. Ng5
{[%clk 0:02:27]} Ndf6 {[%clk 0:01:28]} 13. dxc5 {[%clk 0:02:26]} dxc5
{[%clk 0:01:23]} 14. Nc7 {[%clk 0:02:27]} Qxd1 {[%clk 0:01:15]} 15. Rfxd1
{[%clk 0:02:26]} Rb8 {[%clk 0:01:12]} 16. Nce6 {[%clk 0:02:25]} Ra8
{[%clk 0:00:57]} 17. Nxf8 {[%clk 0:02:22]} Bxf8 {[%clk 0:00:58]} 18. Bf3
{[%clk 0:02:12]} Ng7 {[%clk 0:00:48]} 19. Rd8 {[%clk 0:02:05]} h6
{[%clk 0:00:43]} 20. Be5 {[%clk 0:01:47]} hxg5 {[%clk 0:00:39]} 21. Bxf6
{[%clk 0:01:48]} exf6 {[%clk 0:00:39]} 22. Bd5+ {[%clk 0:01:49]} Kh7
{[%clk 0:00:19]} 23. Rxf8 {[%clk 0:01:48]} f4 {[%clk 0:00:15]} 24. e4
{[%clk 0:01:33]} Nh5 {[%clk 0:00:11]} 25. Be6 {[%clk 0:01:15]} 1-0

[Event "Team Championship Russia (Blitz, Women)"]
[Site "Sochi"]
[Date "2018.10.10"]
[Round "3.5"]
[White "Voit, Daria"]
[Black "Ambartsumova, Karina"]
[Result "0-1"]
[BlackElo "2319"]
[WhiteElo "2415"]
[LiveChessVersion "1.4.8"]

1. Nf3 {[%clk 0:03:03]} Nf6 {[%clk 0:03:03]} 2. c4 {[%clk 0:03:04]} g6
{[%clk 0:03:00]} 3. d4 {[%clk 0:03:05]} Bg7 {[%clk 0:03:02]} 4. Nc3
{[%clk 0:03:06]} O-O {[%clk 0:03:01]} 5. Bg5 {[%clk 0:03:07]} d6 {[%clk 0:02:48]}
6. e3 {[%clk 0:03:07]} h6 {[%clk 0:02:44]} 7. Bh4 {[%clk 0:03:08]} g5
{[%clk 0:02:41]} 8. Bg3 {[%clk 0:03:09]} Nh5 {[%clk 0:02:42]} 9. Qc2
{[%clk 0:03:10]} e6 {[%clk 0:02:33]} 10. Be2 {[%clk 0:03:10]} Qe7
{[%clk 0:02:26]} 11. O-O-O {[%clk 0:03:04]} Nxg3 {[%clk 0:02:15]} 12. hxg3
{[%clk 0:03:05]} f5 {[%clk 0:02:08]} 13. Nd2 {[%clk 0:02:32]} c5 {[%clk 0:02:01]}
14. dxc5 {[%clk 0:02:31]} dxc5 {[%clk 0:02:02]} 15. g4 {[%clk 0:02:26]} Nc6
{[%clk 0:01:44]} 16. gxf5 {[%clk 0:02:24]} exf5 {[%clk 0:01:28]} 17. Nd5
{[%clk 0:02:24]} Qf7 {[%clk 0:01:18]} 18. Bh5 {[%clk 0:02:09]} Qd7
{[%clk 0:01:16]} 19. f4 {[%clk 0:01:59]} g4 {[%clk 0:00:53]} 20. Nb3
{[%clk 0:01:54]} Qe6 {[%clk 0:00:48]} 21. Nxc5 {[%clk 0:01:53]} Qd6
{[%clk 0:00:45]} 22. Nb3 {[%clk 0:01:38]} Nb4 {[%clk 0:00:44]} 23. Nxb4 Qxb4
{[%clk 0:00:45]} 24. Nd4 {[%clk 0:01:26]} Bd7 {[%clk 0:00:43]} 25. Bg6
{[%clk 0:01:20]} Rac8 {[%clk 0:00:40]} 26. b3 {[%clk 0:01:20]} b5
{[%clk 0:00:40]} 27. Qd2 {[%clk 0:01:06]} Qa3+ {[%clk 0:00:33]} 28. Qb2
{[%clk 0:00:56]} Qxb2+ {[%clk 0:00:25]} 29. Kxb2 {[%clk 0:00:56]} bxc4
{[%clk 0:00:27]} 30. Ka3 {[%clk 0:00:33]} cxb3 {[%clk 0:00:20]} 31. Nxb3
{[%clk 0:00:31]} Be6 {[%clk 0:00:19]} 32. Rc1 {[%clk 0:00:26]} Rfd8
{[%clk 0:00:16]} 33. Rxc8 {[%clk 0:00:18]} Rxc8 {[%clk 0:00:18]} 34. Rc1
{[%clk 0:00:18]} Bf8+ {[%clk 0:00:10]} 35. Kb2 Kg7 {[%clk 0:00:07]} 36. Rxc8
{[%clk 0:00:15]} Bxc8 {[%clk 0:00:08]} 37. Be8 {[%clk 0:00:16]} Bb7
{[%clk 0:00:10]} 38. g3 {[%clk 0:00:16]} Bb4 {[%clk 0:00:10]} 39. Nd4
{[%clk 0:00:17]} Kf6 {[%clk 0:00:10]} 40. Bd7 {[%clk 0:00:14]} Be4
{[%clk 0:00:11]} 41. Kc1 {[%clk 0:00:13]} Be1 {[%clk 0:00:13]} 42. Ne2
{[%clk 0:00:13]} Bf3 {[%clk 0:00:11]} 43. Nd4 {[%clk 0:00:12]} Be4
{[%clk 0:00:10]} 44. Ne2 {[%clk 0:00:11]} Bd3 {[%clk 0:00:11]} 45. Kd1
{[%clk 0:00:07]} Bf2 {[%clk 0:00:12]} 46. Kd2 {[%clk 0:00:08]} Bxe2
{[%clk 0:00:13]} 47. Kxe2 {[%clk 0:00:09]} Bxg3 {[%clk 0:00:14]} 48. e4
{[%clk 0:00:07]} Bxf4 {[%clk 0:00:12]} 49. Bxf5 {[%clk 0:00:06]} h5
{[%clk 0:00:13]} 50. Kf2 {[%clk 0:00:04]} Kg5 {[%clk 0:00:13]} 51. Kg2
{[%clk 0:00:05]} h4 {[%clk 0:00:14]} 52. Bd7 {[%clk 0:00:05]} h3+
{[%clk 0:00:15]} 53. Kg1 {[%clk 0:00:05]} Be5 {[%clk 0:00:16]} 54. Kh1
{[%clk 0:00:05]} Kf4 {[%clk 0:00:17]} 55. Kg1 {[%clk 0:00:06]} Kg3
{[%clk 0:00:18]} 56. Kh1 {[%clk 0:00:07]} Bd4 {[%clk 0:00:19]} 57. Be6
{[%clk 0:00:08]} Kf4 {[%clk 0:00:20]} 58. Bd7 {[%clk 0:00:09]} Be5
{[%clk 0:00:20]} 59. Be6 {[%clk 0:00:10]} Kg5 {[%clk 0:00:21]} 60. Bd7
{[%clk 0:00:08]} Kh4 {[%clk 0:00:23]} 61. Kg1 {[%clk 0:00:05]} g3
{[%clk 0:00:22]} 62. Be6 {[%clk 0:00:04]} Bd4+ {[%clk 0:00:24]} 63. Kh1
{[%clk 0:00:04]} g2+ {[%clk 0:00:25]} 0-1

[Event "Team Championship Russia (Blitz, Women)"]
[Site "Sochi"]
[Date "2018.10.10"]
[Round "3.6"]
[White "Nebolsina, Vera"]
[Black "Dordzhieva, Dinara"]
[Result "1/2-1/2"]
[BlackElo "2225"]
[WhiteElo "2099"]
[LiveChessVersion "1.4.8"]

1. e4 {[%clk 0:03:03]} c5 {[%clk 0:03:04]} 2. Nc3 {[%clk 0:03:04]} Nc6
{[%clk 0:03:05]} 3. Bb5 {[%clk 0:03:04]} Nd4 {[%clk 0:03:04]} 4. Nf3
{[%clk 0:03:02]} g6 {[%clk 0:03:00]} 5. Bc4 {[%clk 0:02:58]} Bg7 {[%clk 0:02:58]}
6. Nxd4 {[%clk 0:02:58]} cxd4 {[%clk 0:02:57]} 7. Qf3 {[%clk 0:02:58]} f5
{[%clk 0:02:57]} 8. Ne2 {[%clk 0:02:23]} Qa5 {[%clk 0:02:58]} 9. O-O
{[%clk 0:02:14]} e6 {[%clk 0:02:57]} 10. d3 {[%clk 0:02:12]} Ne7 {[%clk 0:02:58]}
11. exf5 {[%clk 0:02:00]} Qxf5 {[%clk 0:02:57]} 12. Qxf5 {[%clk 0:01:57]} Nxf5
{[%clk 0:02:55]} 13. Ng3 {[%clk 0:01:58]} Nd6 {[%clk 0:02:46]} 14. Bb3
{[%clk 0:01:59]} O-O {[%clk 0:02:47]} 15. Bg5 {[%clk 0:01:58]} Nf5
{[%clk 0:02:38]} 16. Nxf5 Rxf5 {[%clk 0:02:29]} 17. Be7 {[%clk 0:01:40]} b6
{[%clk 0:02:30]} 18. a4 {[%clk 0:01:40]} Bb7 {[%clk 0:02:30]} 19. a5
{[%clk 0:01:38]} bxa5 {[%clk 0:02:01]} 20. Ra2 {[%clk 0:01:22]} Re8
{[%clk 0:02:02]} 21. Bd6 {[%clk 0:01:22]} Rg5 {[%clk 0:02:04]} 22. f3
{[%clk 0:01:22]} h5 {[%clk 0:01:41]} 23. h4 {[%clk 0:01:22]} Rf5 {[%clk 0:01:39]}
24. Rfa1 {[%clk 0:01:13]} Bf6 {[%clk 0:01:35]} 25. Rxa5 {[%clk 0:01:11]} a6
{[%clk 0:01:21]} 26. Rxf5 {[%clk 0:01:03]} gxf5 {[%clk 0:01:23]} 27. g3
{[%clk 0:01:02]} Bxf3 {[%clk 0:00:39]} 28. Rxa6 {[%clk 0:01:03]} Bc6
{[%clk 0:00:39]} 29. Kf2 {[%clk 0:01:00]} Kf7 {[%clk 0:00:40]} 30. Ba4
{[%clk 0:00:33]} Bxa4 {[%clk 0:00:35]} 31. Rxa4 Rc8 32. Rc4 {[%clk 0:00:35]} Ra8
{[%clk 0:00:38]} 33. Rc7 {[%clk 0:00:34]} Ke8 {[%clk 0:00:40]} 34. b4
{[%clk 0:00:34]} Ra2 {[%clk 0:00:32]} 35. b5 {[%clk 0:00:19]} Rb2
{[%clk 0:00:34]} 36. Rc8+ Kf7 37. Rc5 {[%clk 0:00:13]} Be7 {[%clk 0:00:28]} 38.
Bxe7 {[%clk 0:00:10]} Kxe7 {[%clk 0:00:30]} 39. Kf3 {[%clk 0:00:11]} Kd6
{[%clk 0:00:31]} 40. Rc4 {[%clk 0:00:12]} e5 {[%clk 0:00:31]} 41. Rc8
{[%clk 0:00:10]} Rxb5 {[%clk 0:00:32]} 42. Rh8 {[%clk 0:00:10]} Rb2
{[%clk 0:00:17]} 43. Rxh5 {[%clk 0:00:10]} Ke6 {[%clk 0:00:16]} 44. Rh6+ Kd5 45.
Rh5 {[%clk 0:00:12]} Ke6 {[%clk 0:00:18]} 46. Rh6+ {[%clk 0:00:13]} Kd5
{[%clk 0:00:19]} 47. Rh5 {[%clk 0:00:14]} Ke6 {[%clk 0:00:18]} 48. Rh6+
{[%clk 0:00:15]} Kd5 {[%clk 0:00:19]} 49. Rh5 {[%clk 0:00:15]} Ke6
{[%clk 0:00:21]} 50. Ke4 1/2-1/2

[Event "Team Championship Russia (Blitz, Women)"]
[Site "Sochi"]
[Date "2018.10.10"]
[Round "3.7"]
[White "Shuvalova, Polina"]
[Black "Markelova, Lubov"]
[Result "1-0"]
[BlackElo "2033"]
[WhiteElo "2246"]
[LiveChessVersion "1.4.8"]

1. e4 {[%clk 0:03:03]} e6 {[%clk 0:03:04]} 2. d4 {[%clk 0:03:04]} d5
{[%clk 0:03:05]} 3. Nd2 {[%clk 0:03:05]} c5 {[%clk 0:03:06]} 4. exd5
{[%clk 0:03:06]} Qxd5 {[%clk 0:03:07]} 5. Ngf3 {[%clk 0:03:07]} cxd4
{[%clk 0:03:05]} 6. Bc4 {[%clk 0:03:08]} Qd6 {[%clk 0:03:06]} 7. O-O
{[%clk 0:03:08]} Nf6 {[%clk 0:03:06]} 8. Nb3 {[%clk 0:03:08]} Nc6
{[%clk 0:03:07]} 9. Nbxd4 {[%clk 0:03:08]} Nxd4 {[%clk 0:03:08]} 10. Nxd4
{[%clk 0:03:09]} a6 {[%clk 0:03:09]} 11. Re1 {[%clk 0:03:07]} Qc7
{[%clk 0:03:10]} 12. Bf1 {[%clk 0:03:07]} Bd7 {[%clk 0:02:20]} 13. Bg5
{[%clk 0:02:54]} Bd6 {[%clk 0:02:12]} 14. Nf5 {[%clk 0:02:35]} Bxh2+
{[%clk 0:02:06]} 15. Kh1 {[%clk 0:02:36]} O-O-O {[%clk 0:01:43]} 16. Nxg7
{[%clk 0:02:07]} Be5 {[%clk 0:00:49]} 17. Qe2 {[%clk 0:00:59]} h6
{[%clk 0:00:43]} 18. Bh4 {[%clk 0:00:51]} Bd4 {[%clk 0:00:23]} 19. c3
{[%clk 0:00:49]} Qf4 {[%clk 0:00:14]} 20. Bg3 {[%clk 0:00:48]} Qg5
{[%clk 0:00:14]} 21. cxd4 {[%clk 0:00:47]} Qxg7 {[%clk 0:00:13]} 22. Rac1+
{[%clk 0:00:47]} Bc6 {[%clk 0:00:14]} 23. Rxc6+ {[%clk 0:00:44]} bxc6
{[%clk 0:00:14]} 24. Qxa6+ {[%clk 0:00:45]} Kd7 {[%clk 0:00:14]} 25. Rc1
{[%clk 0:00:35]} Rc8 {[%clk 0:00:11]} 26. Qb7+ {[%clk 0:00:34]} Kd8
{[%clk 0:00:09]} 27. Bb5 {[%clk 0:00:35]} Ne4 {[%clk 0:00:04]} 28. Bf4
{[%clk 0:00:29]} Qg4 {[%clk 0:00:04]} 29. Qb6+ {[%clk 0:00:13]} Ke7
{[%clk 0:00:03]} 30. Qb7+ {[%clk 0:00:09]} Kd8 {[%clk 0:00:04]} 31. Bxc6
{[%clk 0:00:09]} Nxf2+ 32. Kg1 {[%clk 0:00:10]} Nh3+ {[%clk 0:00:06]} 33. Kh1
{[%clk 0:00:08]} Nf2+ {[%clk 0:00:07]} 34. Kg1 {[%clk 0:00:08]} Nh3+
{[%clk 0:00:08]} 35. Kh1 {[%clk 0:00:07]} Nf2+ {[%clk 0:00:09]} 36. Kg1
{[%clk 0:00:07]} Nh3+ {[%clk 0:00:11]} 37. Kh2 {[%clk 0:00:08]} Qxf4+
{[%clk 0:00:11]} 38. Kxh3 {[%clk 0:00:08]} Qf5+ {[%clk 0:00:11]} 39. Kh2
{[%clk 0:00:10]} Qf4+ {[%clk 0:00:12]} 40. Kh3 {[%clk 0:00:09]} Qf5+
{[%clk 0:00:12]} 41. Kh2 {[%clk 0:00:10]} Qf4+ {[%clk 0:00:13]} 42. g3
{[%clk 0:00:11]} Qf2+ {[%clk 0:00:12]} 43. Kh3 {[%clk 0:00:11]} Qf5+
{[%clk 0:00:13]} 44. Kg2 {[%clk 0:00:12]} Rxc6 {[%clk 0:00:04]} 45. Qxc6
{[%clk 0:00:11]} Ke7 {[%clk 0:00:04]} 46. Qc7+ {[%clk 0:00:12]} Kf6
{[%clk 0:00:05]} 47. Rf1 {[%clk 0:00:13]} Qxf1+ 48. Kxf1 {[%clk 0:00:14]} Kg7
{[%clk 0:00:03]} 49. Qe5+ {[%clk 0:00:15]} Kh7 {[%clk 0:00:03]} 50. Qf6
{[%clk 0:00:16]} Rf8 {[%clk 0:00:04]} 51. Qe7 {[%clk 0:00:18]} Kg7
{[%clk 0:00:04]} 52. a4 {[%clk 0:00:19]} 1-0

[Event "Team Championship Russia (Blitz, Women)"]
[Site "Sochi"]
[Date "2018.10.10"]
[Round "3.8"]
[White "Shafigullina, Zarina"]
[Black "Kovalevskaya, Ekaterina"]
[Result "0-1"]
[BlackElo "2284"]
[WhiteElo "1992"]
[LiveChessVersion "1.4.8"]

1. d4 {[%clk 0:03:03]} Nf6 {[%clk 0:03:03]} 2. Nf3 {[%clk 0:03:04]} c5
{[%clk 0:03:03]} 3. g3 {[%clk 0:03:06]} cxd4 {[%clk 0:03:03]} 4. Nxd4
{[%clk 0:03:07]} e5 {[%clk 0:02:59]} 5. Nb3 {[%clk 0:03:08]} d5 {[%clk 0:02:59]}
6. Bg2 {[%clk 0:03:09]} Nc6 {[%clk 0:02:59]} 7. O-O {[%clk 0:03:09]} Be7
{[%clk 0:02:59]} 8. Bg5 {[%clk 0:03:06]} Be6 {[%clk 0:02:59]} 9. Nc3
{[%clk 0:03:01]} d4 {[%clk 0:02:55]} 10. Bxf6 {[%clk 0:02:42]} Bxf6
{[%clk 0:02:54]} 11. Ne4 {[%clk 0:02:42]} Bxb3 {[%clk 0:02:34]} 12. Nxf6+
{[%clk 0:02:39]} Qxf6 {[%clk 0:02:33]} 13. axb3 {[%clk 0:02:35]} O-O
{[%clk 0:02:33]} 14. Qd2 {[%clk 0:02:24]} Rfd8 {[%clk 0:02:31]} 15. e3
{[%clk 0:02:22]} a6 {[%clk 0:02:16]} 16. Rfd1 {[%clk 0:02:13]} Rac8
{[%clk 0:01:58]} 17. Rac1 Qh6 {[%clk 0:01:42]} 18. exd4 {[%clk 0:02:09]} Qxd2
{[%clk 0:01:08]} 19. Rxd2 {[%clk 0:02:10]} Nxd4 {[%clk 0:01:00]} 20. Rcd1
{[%clk 0:02:03]} b6 {[%clk 0:00:30]} 21. c3 {[%clk 0:01:32]} Ne6 {[%clk 0:00:30]}
22. Bb7 {[%clk 0:01:14]} Rxd2 {[%clk 0:00:20]} 23. Rxd2 {[%clk 0:01:15]} Rb8
{[%clk 0:00:17]} 24. Bxa6 {[%clk 0:01:15]} Kf8 {[%clk 0:00:17]} 25. Bc4
{[%clk 0:01:13]} Ke7 {[%clk 0:00:18]} 26. Re2 {[%clk 0:00:38]} f6
{[%clk 0:00:18]} 27. f4 {[%clk 0:00:35]} b5 {[%clk 0:00:17]} 28. Bd5
{[%clk 0:00:36]} Nc7 {[%clk 0:00:15]} 29. c4 {[%clk 0:00:38]} Nxd5
{[%clk 0:00:15]} 30. cxd5 {[%clk 0:00:38]} Kd6 {[%clk 0:00:16]} 31. fxe5+
{[%clk 0:00:38]} fxe5 {[%clk 0:00:17]} 32. Rd2 {[%clk 0:00:39]} Rc8
{[%clk 0:00:18]} 33. Kf2 {[%clk 0:00:24]} Rc5 {[%clk 0:00:19]} 34. Ke3
{[%clk 0:00:23]} Rxd5 {[%clk 0:00:19]} 35. Rf2 {[%clk 0:00:23]} Ke6
{[%clk 0:00:20]} 36. Rf8 {[%clk 0:00:24]} Rd1 {[%clk 0:00:16]} 37. Rb8
{[%clk 0:00:23]} Re1+ {[%clk 0:00:14]} 38. Kf2 {[%clk 0:00:21]} Rb1
{[%clk 0:00:14]} 39. Rxb5 {[%clk 0:00:18]} Rxb2+ {[%clk 0:00:14]} 40. Kg1
{[%clk 0:00:13]} h5 {[%clk 0:00:13]} 41. b4 {[%clk 0:00:12]} Kf5 {[%clk 0:00:13]}
42. Rb8 {[%clk 0:00:12]} e4 {[%clk 0:00:12]} 43. b5 {[%clk 0:00:11]} e3
{[%clk 0:00:13]} 44. b6 {[%clk 0:00:11]} Rb1+ {[%clk 0:00:13]} 45. Kg2
{[%clk 0:00:08]} e2 {[%clk 0:00:14]} 46. b7 {[%clk 0:00:03]} e1=Q
{[%clk 0:00:14]} 47. Rf8+ {[%clk 0:00:03]} Kg6 {[%clk 0:00:15]} 48. b8=Q
{[%clk 0:00:03]} Rxb8 {[%clk 0:00:15]} 49. Rxb8 {[%clk 0:00:04]} Qe4+
{[%clk 0:00:15]} 50. Kh3 {[%clk 0:00:05]} Qg4+ {[%clk 0:00:14]} 51. Kg2
{[%clk 0:00:06]} Qe2+ {[%clk 0:00:15]} 52. Kh3 {[%clk 0:00:08]} Kh6
{[%clk 0:00:16]} 53. Rb6+ {[%clk 0:00:08]} g6 {[%clk 0:00:17]} 54. Rf6
{[%clk 0:00:07]} Qe5 {[%clk 0:00:17]} 55. Rf2 {[%clk 0:00:05]} Qd4
{[%clk 0:00:17]} 56. Rf4 {[%clk 0:00:05]} Qd2 {[%clk 0:00:17]} 57. Rf8
{[%clk 0:00:04]} g5 {[%clk 0:00:18]} 58. Rh8+ {[%clk 0:00:03]} Kg7
{[%clk 0:00:19]} 59. Rxh5 {[%clk 0:00:03]} Qd7+ {[%clk 0:00:16]} 60. g4
{[%clk 0:00:05]} Qd3+ {[%clk 0:00:15]} 61. Kg2 {[%clk 0:00:05]} Qe2+
{[%clk 0:00:16]} 62. Kg3 {[%clk 0:00:06]} Qe3+ {[%clk 0:00:17]} 63. Kg2
{[%clk 0:00:07]} Qd2+ {[%clk 0:00:15]} 64. Kg3 {[%clk 0:00:09]} Qc3+
{[%clk 0:00:16]} 65. Kg2 {[%clk 0:00:10]} Kg6 {[%clk 0:00:17]} 66. h3
{[%clk 0:00:11]} Qe5 {[%clk 0:00:15]} 67. Kf3 {[%clk 0:00:10]} Qg7
{[%clk 0:00:14]} 68. Kg3 {[%clk 0:00:11]} Kf6 {[%clk 0:00:14]} 69. Kf3
{[%clk 0:00:10]} Ke5 {[%clk 0:00:11]} 70. h4 {[%clk 0:00:11]} Qf7+
{[%clk 0:00:11]} 71. Kg3 {[%clk 0:00:12]} Qf4+ {[%clk 0:00:12]} 72. Kh3
{[%clk 0:00:08]} Qe3+ {[%clk 0:00:11]} 73. Kg2 {[%clk 0:00:09]} Kf4
{[%clk 0:00:12]} 74. Rxg5 {[%clk 0:00:08]} Qe2+ {[%clk 0:00:13]} 75. Kh3
{[%clk 0:00:05]} Qf3+ {[%clk 0:00:11]} 76. Kh2 {[%clk 0:00:06]} Qg3+
{[%clk 0:00:10]} 77. Kh1 {[%clk 0:00:07]} Qxh4+ {[%clk 0:00:08]} 78. Kg2
{[%clk 0:00:08]} Qxg5 {[%clk 0:00:09]} 0-1

[Event "Team Championship Russia (Blitz, Women)"]
[Site "Sochi"]
[Date "2018.10.10"]
[Round "3.9"]
[White "Bivol, Alina"]
[Black "Charochkina, Daria"]
[Result "0-1"]
[BlackElo "2267"]
[WhiteElo "2217"]
[LiveChessVersion "1.4.8"]

1. Nf3 {[%clk 0:03:03]} d5 {[%clk 0:03:02]} 2. g3 {[%clk 0:03:04]} Bg4
{[%clk 0:03:03]} 3. Bg2 Nd7 4. d3 {[%clk 0:03:06]} e6 {[%clk 0:03:00]} 5. O-O
{[%clk 0:03:05]} Bd6 {[%clk 0:03:01]} 6. h3 {[%clk 0:03:04]} Bh5 {[%clk 0:03:01]}
7. e4 {[%clk 0:03:05]} c6 {[%clk 0:03:02]} 8. Qe1 {[%clk 0:03:05]} Ne7
{[%clk 0:03:02]} 9. b3 {[%clk 0:02:56]} O-O {[%clk 0:02:54]} 10. Bb2
{[%clk 0:02:57]} h6 {[%clk 0:02:29]} 11. Nbd2 {[%clk 0:02:53]} Rc8
{[%clk 0:02:19]} 12. Rc1 {[%clk 0:02:48]} Re8 {[%clk 0:02:13]} 13. Nh4
{[%clk 0:02:29]} Ng6 {[%clk 0:02:10]} 14. Nxg6 {[%clk 0:02:28]} Bxg6
{[%clk 0:02:11]} 15. f4 {[%clk 0:02:27]} Qb6+ {[%clk 0:02:02]} 16. Kh2
{[%clk 0:02:26]} Bh7 {[%clk 0:02:03]} 17. Nf3 {[%clk 0:02:23]} e5
{[%clk 0:02:02]} 18. fxe5 {[%clk 0:02:15]} Nxe5 {[%clk 0:02:03]} 19. Nh4
{[%clk 0:01:50]} Qc7 {[%clk 0:01:27]} 20. Qf2 {[%clk 0:01:49]} dxe4
{[%clk 0:01:18]} 21. dxe4 {[%clk 0:01:48]} Rcd8 {[%clk 0:01:13]} 22. Rcd1
{[%clk 0:01:31]} Ng6 {[%clk 0:01:07]} 23. Nf5 {[%clk 0:01:28]} Be5
{[%clk 0:01:08]} 24. Bxe5 {[%clk 0:01:23]} Nxe5 {[%clk 0:01:06]} 25. Qf4
{[%clk 0:01:16]} Bxf5 {[%clk 0:01:04]} 26. exf5 {[%clk 0:01:13]} f6
{[%clk 0:01:04]} 27. Rfe1 {[%clk 0:00:42]} Rd6 {[%clk 0:01:02]} 28. Bf1
{[%clk 0:00:34]} Red8 {[%clk 0:00:46]} 29. Bc4+ {[%clk 0:00:35]} Kh8
{[%clk 0:00:47]} 30. Rxd6 {[%clk 0:00:30]} Qxd6 {[%clk 0:00:47]} 31. Re2
{[%clk 0:00:25]} b5 {[%clk 0:00:36]} 32. Be6 Qd1 33. Rf2 {[%clk 0:00:12]} Qe1
{[%clk 0:00:27]} 34. Rg2 {[%clk 0:00:11]} Rd1 {[%clk 0:00:25]} 35. g4
{[%clk 0:00:11]} Qh1+ {[%clk 0:00:22]} 36. Kg3 {[%clk 0:00:12]} Rf1
{[%clk 0:00:23]} 37. Qb4 {[%clk 0:00:11]} Rf3+ {[%clk 0:00:18]} 38. Kh4
{[%clk 0:00:13]} Qxh3# 0-1

[Event "Team Championship Russia (Blitz, Women)"]
[Site "Sochi"]
[Date "2018.10.10"]
[Round "3.10"]
[White "Vasilevich, Tatjana"]
[Black "Vasilevich, Irina"]
[Result "0-1"]
[BlackElo "2160"]
[WhiteElo "2238"]
[LiveChessVersion "1.4.8"]

1. d4 {[%clk 0:03:03]} e6 {[%clk 0:03:03]} 2. c4 {[%clk 0:03:03]} b6
{[%clk 0:03:04]} 3. a3 {[%clk 0:03:00]} Bb7 {[%clk 0:03:05]} 4. d5
{[%clk 0:03:00]} Nf6 {[%clk 0:02:55]} 5. Nc3 {[%clk 0:03:01]} e5 {[%clk 0:02:55]}
6. g3 {[%clk 0:03:00]} h5 {[%clk 0:02:37]} 7. Bg2 {[%clk 0:02:55]} h4
{[%clk 0:02:36]} 8. Nh3 {[%clk 0:02:53]} d6 {[%clk 0:02:18]} 9. O-O
{[%clk 0:02:46]} Bc8 {[%clk 0:02:15]} 10. Ng5 {[%clk 0:02:46]} Be7
{[%clk 0:02:10]} 11. e4 {[%clk 0:02:28]} hxg3 {[%clk 0:01:56]} 12. hxg3
{[%clk 0:02:25]} Bg4 {[%clk 0:01:50]} 13. f3 {[%clk 0:02:00]} Bd7
{[%clk 0:01:47]} 14. Be3 {[%clk 0:01:34]} Nh5 {[%clk 0:01:43]} 15. f4
{[%clk 0:01:23]} Nxg3 {[%clk 0:01:10]} 16. Rf2 {[%clk 0:00:39]} Bxg5
{[%clk 0:00:50]} 17. fxg5 {[%clk 0:00:39]} Qe7 {[%clk 0:00:47]} 18. Qf3
{[%clk 0:00:28]} Nh5 {[%clk 0:00:47]} 19. Raf1 {[%clk 0:00:22]} f6
{[%clk 0:00:28]} 20. Nb5 {[%clk 0:00:14]} Bxb5 {[%clk 0:00:26]} 21. cxb5
{[%clk 0:00:15]} Nd7 {[%clk 0:00:26]} 22. g6 {[%clk 0:00:11]} O-O-O
{[%clk 0:00:16]} 23. Bh3 {[%clk 0:00:10]} Kb8 {[%clk 0:00:16]} 24. b4
{[%clk 0:00:06]} Nf4 {[%clk 0:00:17]} 25. Bxd7 {[%clk 0:00:03]} Rxd7
{[%clk 0:00:17]} 26. Bxf4 {[%clk 0:00:03]} exf4 {[%clk 0:00:18]} 27. Qxf4
{[%clk 0:00:05]} Rh5 {[%clk 0:00:16]} 28. Rg2 {[%clk 0:00:05]} Re5
{[%clk 0:00:17]} 29. Re1 {[%clk 0:00:04]} Rxd5 {[%clk 0:00:16]} 30. Rh2
{[%clk 0:00:05]} Re5 {[%clk 0:00:17]} 31. Rh8+ {[%clk 0:00:05]} Rd8
{[%clk 0:00:18]} 32. Qh4 {[%clk 0:00:05]} Rg5+ {[%clk 0:00:17]} 33. Kh1
{[%clk 0:00:05]} Rxg6 {[%clk 0:00:16]} 34. e5 {[%clk 0:00:05]} dxe5
{[%clk 0:00:16]} 35. Rxe5 {[%clk 0:00:06]} Qd6 {[%clk 0:00:11]} 36. Reh5
{[%clk 0:00:05]} Qd1+ {[%clk 0:00:10]} 37. Kh2 {[%clk 0:00:07]} Qg1+
{[%clk 0:00:10]} 38. Kh3 {[%clk 0:00:08]} Qg2# {[%clk 0:00:12]} 0-1